Ekodrogéria má potenciál rásť

Drogéria a kozmetika s prívlastkom eko prestávajú byť čímsi zvláštnym. Zelené rozmýšľanie je predovšetkým pri mladšej generácii niečo, čo sa považuje za štandard a málokto sa nad tým pozastavuje. Aj preto výrobcovia ekodrogérie a ekokozmetiky očakávajú, že napriek chvíľkovému zmrazeniu tejto kategór...

Descripción completa

Guardado en:
Detalles Bibliográficos
Autor principal: Kapitán, Peter
Formato: Capítulo de libro
Lenguaje:eslovaco
Materias:
Etiquetas: Agregar Etiqueta
Sin Etiquetas, Sea el primero en etiquetar este registro!

MARC

LEADER 00000naa a2200000 4500
001 0303716
005 20240821094847.3
041 0 |a slo 
044 |a CZ 
245 1 0 |a Ekodrogéria má potenciál rásť  |c Peter Kapitán 
520 |a Drogéria a kozmetika s prívlastkom eko prestávajú byť čímsi zvláštnym. Zelené rozmýšľanie je predovšetkým pri mladšej generácii niečo, čo sa považuje za štandard a málokto sa nad tým pozastavuje. Aj preto výrobcovia ekodrogérie a ekokozmetiky očakávajú, že napriek chvíľkovému zmrazeniu tejto kategórie vinou pandémie a prudkej inflácie, sa chuť investovať do ekologickejšieho správania spotrebiteľom rýchlo vráti. Planétu totiž máme len jednu a napriek tomu, že niektoré problémy sa javia byť momentálne akútnejšie, vyhráva rozmýšľanie v dlhodobom horizonte. 
610 2 0 |a tovar drogeristický 
610 2 0 |a kozmetika 
610 2 0 |a ekonomika zelená 
610 2 0 |a ochrana prostredia životného 
610 2 0 |a sortiment tovaru 
100 1 |a Kapitán, Peter